00599nam a2200181Ia 4500008004100000020001800041050002400059100001800083245008600101250001200187260003800199300002300237504002000260520001500280650004500295650003100340650004600371150610s9999 xx 000 0 und d a9780307455871 aE901.1b.O23A3 2006 aObama, Barack 4aThe audacity of hope:bthoughts on reclaiming the American dream /cBarack Obama. a1st ed. aNew York :bVintage Books,c2006. a448pages ;c18 cm. aIncludes index. aBiography. aAfrican American legislatorsxBiography. aObama, BarackbPhilosophy. aUnited States-Congress-SenatexBiography.